Mega krížovky

Bibliographic Details
Format: Journal
Language:Slovak
PhysicalDescription:zv. 21 cm
Published: Prievidza Subako 2003-
Prievidza SUBAKOprint s.r.o.
Bratislava Križovkársky - raj s.r.o.
Prievidza Krížovkársky - raj s.r.o.
ISSN:2453-8213
Subjects:

MARC

LEADER 00000cas a2200000 a 4500
001 vtls008846410
003 SK-MaSNL
005 20260228161354.0
008 060913c20039999xo br|p 0 b0slo
022 |a 2453-8213 
040 |a SNK  |b slo  |c SNK  |e AACR2 
041 0 |a slo 
044 |a xo  |c SK 
072 7 |a 79  |x Rekreácia. Voľný čas. Zábavy. Hry. Šport  |2 konspekt 
080 |a 793.7  |2 2011 
080 |a 050  |2 2011 
080 |a 379.8(051)  |2 2011 
210 0 |a Mega kríž. 
222 0 |a Mega krížovky 
245 0 0 |a Mega krížovky 
260 |a Prievidza  |b Subako  |c 2003- 
260 2 |3 febr. 2009-jan. 2018  |a Prievidza  |b SUBAKOprint s.r.o. 
260 2 |3 apr. 2018-  |a Bratislava  |b Križovkársky - raj s.r.o. 
260 2 |3 febr. 2018-mar. 2018  |a Prievidza  |b Krížovkársky - raj s.r.o. 
300 |a zv.  |c 21 cm 
310 |a 1x za 2 mesiace  |b aug. 2007- 
321 |a 1x mesačne  |b 1/2003-júl 2007 
362 0 |a Č. 1 (2003)- 
500 |a Registračné č.: 3083/2003 ; EV 1607/08 
500 |a Zodpovedný red.: 2003- , Roman Baťala 
515 |a Niektoré čísla vychádzajú ako dvojčíslo 
515 |a S posledným číslom vychádza prvé číslo nasledujúceho roka dec./jan. 
650 0 7 |a krížovky  |2 SNKPH  |9 3313 
655 7 |a časopisy pre voľný čas  |2 SNKPH  |9 70337 
700 1 |a Baťala, Roman  |4 lso  |9 265591 
910 |a snk 
999 |c 5149  |d 7079 
952 |0 0  |1 0  |4 0  |7 0  |8 0  |a SNK  |b SNK  |d 2022-03-10  |i snk2022/3751  |l 0  |o snkČSC 4004/17/2020-2021  |p 17A1461569  |r 2026-02-21 20:02:52  |t č. febr.-dec./jan.  |w 2026-02-21  |y PREZ 
952 |0 0  |1 0  |4 0  |7 0  |8 0  |a SNK  |b SNK  |d 2023-04-26  |i snk2023/6791  |l 0  |o snkČSC 4004/18/2021-2022  |p 17A1466150  |r 2026-02-21 21:20:49  |t č. febr.-dec./jan.  |w 2026-02-21  |y PREZ 
952 |0 0  |1 0  |4 0  |7 0  |8 0  |a SNK  |b SNK  |d 2023-04-26  |i snk2023/6792  |l 0  |o snkČSC 4004/19/2022-2023  |p 17A1466151  |r 2026-02-21 21:20:49  |t č. febr.-dec./jan.  |w 2026-02-21  |y PREZ 
952 |0 0  |1 0  |4 0  |7 0  |8 0  |a SNK  |b SNK  |d 2019-07-16  |i snk2019/18853  |l 0  |o snkČSC 4004/2003  |p 17A1369585  |r 2026-02-21 22:21:39  |t č. 1  |w 2026-02-21  |y PREZ 
952 |0 0  |1 0  |4 0  |7 0  |8 0  |a SNK  |b SNK  |d 2019-07-16  |i snk2019/18855  |l 0  |o snkČSC 4004/2004  |p 17A1369584  |r 2026-02-21 22:21:39  |t č. 1-12  |w 2026-02-21  |y PREZ 
952 |0 0  |1 0  |4 0  |7 0  |8 0  |a SNK  |b SNK  |d 2019-07-16  |i snk2019/18857  |l 0  |o snkČSC 4004/2005  |p 17A1369583  |r 2026-02-21 22:21:39  |t č. 1-12, neúplné  |w 2026-02-21  |y PREZ  |z Chýba č. 3 
952 |0 0  |1 0  |4 0  |7 0  |8 0  |a SNK  |b SNK  |d 2019-07-16  |i snk2019/18858  |l 0  |o snkČSC 4004/2006  |p 17A1369582  |r 2026-02-21 22:21:39  |t č. 1-12  |w 2026-02-21  |y PREZ 
952 |0 0  |1 0  |4 0  |7 0  |8 0  |a SNK  |b SNK  |d 2019-07-16  |i snk2019/18861  |l 0  |o snkČSC 4004/2007-2008  |p 17A1369581  |r 2026-02-21 22:21:39  |t č. jan.-dec./jan.  |w 2026-02-21  |y PREZ 
952 |0 0  |1 0  |4 0  |7 0  |8 0  |a SNK  |b SNK  |d 2019-07-16  |i snk2019/18862  |l 0  |o snkČSC 4004/2008-2009  |p 17A1369580  |r 2026-02-21 22:21:39  |t č. febr.-dec./jan.  |w 2026-02-21  |y PREZ 
952 |0 0  |1 0  |4 0  |7 0  |8 0  |a SNK  |b SNK  |d 2019-07-16  |i snk2019/18864  |l 0  |o snkČSC 4004/2009-2010  |p 17A1369579  |r 2026-02-21 22:21:39  |t č. febr.-dec./jan.  |w 2026-02-21  |y PREZ 
952 |0 0  |1 0  |4 0  |7 0  |8 0  |a SNK  |b SNK  |d 2019-07-16  |i snk2019/18866  |l 0  |o snkČSC 4004/2010-2011  |p 17A1369578  |r 2026-02-21 22:21:39  |t č. febr.-dec./jan.  |w 2026-02-21  |y PREZ 
952 |0 0  |1 0  |4 0  |7 0  |8 0  |a SNK  |b SNK  |d 2019-07-16  |i snk2019/18867  |l 0  |o snkČSC 4004/2011-2012  |p 17A1369577  |r 2026-02-21 22:21:39  |t č. febr.-dec./jan.  |w 2026-02-21  |y PREZ 
952 |0 0  |1 0  |4 0  |7 0  |8 0  |a SNK  |b SNK  |d 2019-07-16  |i snk2019/18868  |l 0  |o snkČSC 4004/2012-2013  |p 17A1369576  |r 2026-02-21 22:21:40  |t č. febr.-dec./jan.  |w 2026-02-21  |y PREZ 
952 |0 0  |1 0  |4 0  |7 0  |8 0  |a SNK  |b SNK  |d 2019-07-16  |i snk2019/18869  |l 0  |o snkČSC 4004/2013-2014  |p 17A1369575  |r 2026-02-21 22:21:44  |t č. febr.-dec./jan.  |w 2026-02-21  |y PREZ 
952 |0 0  |1 0  |4 0  |7 0  |8 0  |a SNK  |b SNK  |d 2019-07-16  |i snk2019/18870  |l 0  |o snkČSC 4004/2014-2015  |p 17A1369574  |r 2026-02-21 22:21:44  |t č. febr.-dec./jan.  |w 2026-02-21  |y PREZ 
952 |0 0  |1 0  |4 0  |7 0  |8 0  |a SNK  |b SNK  |d 2019-07-16  |i snk2019/18871  |l 0  |o snkČSC 4004/2015-2016  |p 17A1369573  |r 2026-02-21 22:21:44  |t č. febr.-dec./jan.  |w 2026-02-21  |y PREZ 
952 |0 0  |1 0  |4 0  |7 0  |8 0  |a SNK  |b SNK  |d 2019-07-16  |i snk2019/18872  |l 0  |o snkČSC 4004/2016-2017  |p 17A1369572  |r 2026-02-21 22:21:44  |t č. febr.-dec./jan.  |w 2026-02-21  |y PREZ 
952 |0 0  |1 0  |4 0  |7 0  |8 0  |a SNK  |b SNK  |d 2019-07-16  |i snk2019/18874  |l 0  |o snkČSC 4004/2017-2018  |p 17A1369571  |r 2026-02-21 22:21:44  |t č. febr.-dec./jan.  |w 2026-02-21  |y PREZ 
952 |0 0  |1 0  |4 0  |7 0  |8 0  |a SNK  |b SNK  |d 2019-07-16  |i snk2019/18875  |l 0  |o snkČSC 4004/2018-2019  |p 17A1369570  |r 2026-02-21 22:21:44  |t č. febr.-dec./jan.  |w 2026-02-21  |y PREZ 
952 |0 0  |1 0  |4 0  |7 0  |8 0  |a SNK  |b SNK  |d 2020-10-16  |i snk2020/18852  |l 0  |o snkČSC 4004/16/2019-2020  |p 17A1432526  |r 2026-02-21 22:23:15  |t č. febr.-dec./jan.  |w 2026-02-21  |y PREZ